Disputationes Marii Alterii romani canonici et theologi Vaticanae Basilicae Sancti Petri. De censuris ecclesiasticis nempe de excommunicatione, suspensione, et interdicto : cum explicatione bullae coenae domini. Duobus tomis comprehensae. Omnia sunt vel ex theologia, vel ex iure canonico, vel civili desumpta; et sanctorum patrum testimonij, atque probatorum auctorum sententiis, et historiis confirmata. Rerum omnium notabilium in fine secundi tomi index locupletissimus apponitur

Detalles Bibliográficos
Autor principal: Altieri, Mario, m. 1613
Otros Autores: Ruffinelli, Giovanni Angelo, ed, Robletti, Giovanni Battista, ed
Formato: Libro
Lenguaje:Latin
Publicado: Romae : sumptibus Io. Angeli Ruffinelli ; ex typographia Io. Baptistae Roblecti, 1618.
Materias:
Colección:Banco de datos
Acervo:Universidad Autónoma Benito Juárez de Oaxaca. Biblioteca Francisco de Burgoa. Colección antigua
Descripción Física:2 t. ; f°
Tema general:Derecho eclesiástico
Notas:Portada tipográfica a dos tintas con marca del impresor y pleca en grabado xilográfico. Texto a dos columnas con paginación en números arábigos, reclamos y signaturas. Incluye cabecera de título con motivos fantásticos en grabado xilográfico. Incluye capitulares con motivos florales en grabado xilográfico. Tomo con portada y numeración propias. Año de los t. 1-2 publicados en 1618. Paginación: t. 1 [8] h., 806 p.; t. 2 [4] h., 505 p., [60] h. Encuadernación en pergamino. Marca de fuego: Casa del Noviciado de la Compañía de Jesús de Oaxaca, Oax. Marca de fuego: Colegio de Santa Cruz de Antequera de Oaxaca, Oax. Daños por humedad y polilla
LEADER 01945nam a22002050004500
035 |a 3785 
041 0 |a lat 
100 1 |a Altieri, Mario, m. 1613 
245 1 0 |a Disputationes Marii Alterii romani canonici et theologi Vaticanae Basilicae Sancti Petri. De censuris ecclesiasticis nempe de excommunicatione, suspensione, et interdicto : cum explicatione bullae coenae domini. Duobus tomis comprehensae. Omnia sunt vel ex theologia, vel ex iure canonico, vel civili desumpta; et sanctorum patrum testimonij, atque probatorum auctorum sententiis, et historiis confirmata. Rerum omnium notabilium in fine secundi tomi index locupletissimus apponitur 
260 |a Romae : sumptibus Io. Angeli Ruffinelli ; ex typographia Io. Baptistae Roblecti, 1618. 
300 |a 2 t. ; f° 
500 |a Portada tipográfica a dos tintas con marca del impresor y pleca en grabado xilográfico. Texto a dos columnas con paginación en números arábigos, reclamos y signaturas. Incluye cabecera de título con motivos fantásticos en grabado xilográfico. Incluye capitulares con motivos florales en grabado xilográfico. Tomo con portada y numeración propias. Año de los t. 1-2 publicados en 1618. Paginación: t. 1 [8] h., 806 p.; t. 2 [4] h., 505 p., [60] h. Encuadernación en pergamino. Marca de fuego: Casa del Noviciado de la Compañía de Jesús de Oaxaca, Oax. Marca de fuego: Colegio de Santa Cruz de Antequera de Oaxaca, Oax. Daños por humedad y polilla 
504 |a Al principio del t. 1 está el índice de libros, disputaciones y capítulos 
650 1 0 |a Derecho eclesiástico 
700 1 |a Ruffinelli, Giovanni Angelo, ed. 
700 1 |a Robletti, Giovanni Battista, ed. 
852 |a Universidad Autónoma "Benito Juárez" de Oaxaca, Biblioteca Francisco de Burgoa, Colección antigua t. 1 (10700) 
942 |c BURANT 
943 |g Universidad Autónoma Benito Juárez de Oaxaca. Biblioteca Francisco de Burgoa. Colección antigua 
999 |c 1114796  |d 1114796